Città dell'Europeo Polonia-Ucraina 2012 - Statistics

Statistiche generali
  • Questo quiz è stato fatto 19 volte
  • Il punteggio medio è 5 su 8
Statistiche sulle risposte
con Immagini Risposta % Corretto
Kiev
100%
Varsavia
100%
Donec'k
71%
Danzica
65%
Leopoli
53%
Poznań
53%
Breslavia
47%
Charkiv
29%
Nessun quiz corrispondente trovato
Distribuzione punteggi
Percentuale di utenti per punteggio
Percentile per numero di risposta
I tuoi punteggi nel tempo
Non hai fatto questo quiz